Inventarizácia majetku a záväzkov - zahájenie a povinnosti pri jej výkone

Inventarizácia sa uskutočňuje vždy v súlade so zákonom č. 431/2002 Z. z. o účtovníctve v znení neskorších predpisov. Metódy inventarizácie - fyzická inventúra, dokladová inventúra, kombinácia fyzickej a dokladovej inventúry. Povinnosti členov inventarizačnej komisie.

Enregistré dans:
Détails bibliographiques
Auteur principal: Sýkora, Jozef
Format: Chapitre de livre
Langue:slovaque
Sujets:
Tags: Ajouter un tag
Pas de tags, Soyez le premier à ajouter un tag!

MARC

LEADER 00000naa a2200000 4500
001 0280878
005 20240417075150.3
041 0 |a slo 
044 |a SK 
245 1 0 |a Inventarizácia majetku a záväzkov - zahájenie a povinnosti pri jej výkone  |c Jozef Sýkora 
520 |a Inventarizácia sa uskutočňuje vždy v súlade so zákonom č. 431/2002 Z. z. o účtovníctve v znení neskorších predpisov. Metódy inventarizácie - fyzická inventúra, dokladová inventúra, kombinácia fyzickej a dokladovej inventúry. Povinnosti členov inventarizačnej komisie. 
610 2 0 |a inventarizácia 
610 2 0 |a majetok 
610 2 0 |a záväzky 
610 2 0 |a účtovníctvo 
610 2 0 |a zákony 
100 1 |a Sýkora, Jozef